Animaux - lettre A - Statistiques

Statistiques générales
  • Ce quiz a été pris 167 fois
  • Le résultat moyen est 12 sur 16
Statistiques - réponses
Par images Réponse % Correct
Âne
99%
Autruche
99%
Abeille
98%
Aigle
95%
Alligator
91%
Anguille
88%
Antilope
85%
Anaconda
84%
Anémone
83%
Ara
82%
Alpaga
81%
Axolotl
68%
Albatros
65%
Anchois
51%
Aye-aye
26%
Arénicole
3%
Aucun quiz correspondant
Distribution des résultats
% des personnes avec chaque résultat
Percentile par nombre de réponses
Votre historique - résultats
Vous n’avez pas pris ce quiz